Juan Manuel Torrea (Registro nro. 94511)

Detalles MARC
000 -LEADER
campo de control de longitud fija 01900nam a2200457 i 4500
001 - NÚMERO DE CONTROL
campo de control MOR01000094834
003 - IDENTIFICADOR DE NÚMERO DE CONTROL
campo de control mxdfmo
005 - FECHA Y HORA DE LA ÚLTIMA TRANSACCIÓN
campo de control 20260331145819.0
007 - CAMPO FIJO DE DESCRIPCIÓN FÍSICA--INFORMACIÓN GENERAL
campo de control de longitud fija ta
008 - DATOS DE LONGITUD FIJA--INFORMACIÓN GENERAL
campo de control de longitud fija 120611s2010 tmm grbi l000 dspa d
020 ## - NÚMERO INTERNACIONAL ESTÁNDAR DEL LIBRO
Número Internacional Estándar del Libro 9786077785217
035 ## - NÚMERO DE CONTROL DEL SISTEMA
Número de control de sistema 120937
040 ## - FUENTE DE CATALOGACIÓN
Centro catalogador/agencia de origen mxcmmo
Lengua de catalogación spa
Normas de descripción rda
Centro/agencia transcriptor mxcmmo
041 0# - CÓDIGO DE IDIOMA
Código de lengua del texto/banda sonora o título independiente spa
043 ## - CÓDIGO DE ÁREA GEOGRÁFICA
Código de área geográfica n-mx---
045 ## - PERIODO DE TIEMPO DEL CONTENIDO
Código de periodo de tiempo x0x6
082 04 - NÚMERO DE LA CLASIFICACIÓN DECIMAL DEWEY
Número de clasificación 355.00972
Número de ítem IBA.j
110 1# - ENTRADA PRINCIPAL--NOMBRE DE ENTIDAD CORPORATIVA
Nombre de entidad corporativa o nombre de jurisdicción como elemento de entrada Ibarrola, Bernardo
9 (RLIN) 164218
245 10 - MENCIÓN DEL TÍTULO
Título Juan Manuel Torrea
Resto del título : biógrafo de banderas : una aproximación a la historiografía militar mexicana/
Mención de responsabilidad, etc. Bernardo Ibarrola ; presentación Eugenio Hernández Flores
264 ## - PRODUCCIÓN, PUBLICACIÓN, DISTRIBUCIÓN, FABRICACIÓN Y COPYRIGHT
Nombre del de productor, editor, distribuidor, fabricante Comisión Organizadora para la Conmemoración en Tamaulipas del Bicentenario de la Independencia y Centenario de la Revolución Mexicana,
Fecha de producción, publicación, distribución, fabricación o copyright 2010.
264 #1 - PRODUCCIÓN, PUBLICACIÓN, DISTRIBUCIÓN, FABRICACIÓN Y COPYRIGHT
Producción, publicación, distribución, fabricación y copyright Ciudad Victoria, Tamaulipas:
Nombre del de productor, editor, distribuidor, fabricante Gobierno del Estado de Tamaulipas,
Fecha de producción, publicación, distribución, fabricación o copyright 2010.
300 ## - DESCRIPCIÓN FÍSICA
Extensión 207 páginas;
Dimensiones 22 cm
336 ## - TIPO DE CONTENIDO
Término de tipo de contenido texto
Código de tipo de contenido txt
Fuente rdacontent
337 ## - TIPO DE MEDIO
Nombre/término del tipo de medio sin medio
Código del tipo de medio n
Fuente rdamedia
338 ## - TIPO DE SOPORTE
Nombre/término del tipo de soporte volumen
Código del tipo de soporte nc
Fuente rdacarrier
490 0# - MENCIÓN DE SERIE
Mención de serie Colección centenarios
Designación de volumen o secuencia 22
504 ## - NOTA DE BIBLIOGRAFÍA, ETC.
Nota de bibliografía, etc. Nota Bibliografía: p. 195-207
600 17 - PUNTO DE ACCESO ADICIONAL DE MATERIA--NOMBRE DE PERSONA
Nombre de persona Torrea, Juan Manuel
Fechas asociadas al nombre 1874-1960
Subdivisión general Crítica e interpretación
9 (RLIN) 164219
650 #7 - PUNTO DE ACCESO ADICIONAL DE MATERIA--TÉRMINO DE MATERIA
Término de materia o nombre geográfico como elemento de entrada Historiadores
Subdivisión geográfica México
Subdivisión general Historia y crítica
9 (RLIN) 131164
651 #7 - PUNTO DE ACCESO ADICIONAL DE MATERIA--NOMBRE GEOGRÁFICO
Nombre geográfico México
Subdivisión general Historia
-- Historia militar
-- Historiografía
9 (RLIN) 164220
700 1# - ENTRADA AGREGADA--NOMBRE PERSONAL
Nombre de persona Hernández Flores, Eugenio
Títulos y otros términos asociados al nombre gob. de Tamaulipas
Término indicativo de función/relación prologuista
9 (RLIN) 164221
710 2# - ENTRADA AGREGADA--NOMBRE DE ENTIDAD CORPORATIVA
Nombre de entidad corporativa o nombre de jurisdicción como elemento de entrada Comisión Organizadora para la Conmemoración en Tamaulipas del Bicentenario de la Independencia y Centenario de la Revolución Mexicana
9 (RLIN) 154376
900 ## - ELEMENTOS DE DATOS A LOCAL, LDA (RLIN)
Nombre de persona CAT
Numeración 30
Títulos y otros términos asociados al nombre 20120806
Lenguaje de la obra MOR01
-- 1250
900 ## - ELEMENTOS DE DATOS A LOCAL, LDA (RLIN)
Nombre de persona KLASY
Numeración 30
Títulos y otros términos asociados al nombre 20120810
Lenguaje de la obra MOR01
-- 1333
900 ## - ELEMENTOS DE DATOS A LOCAL, LDA (RLIN)
Nombre de persona KLASY
Numeración 30
Títulos y otros términos asociados al nombre 20120810
Lenguaje de la obra MOR01
-- 1334
900 ## - ELEMENTOS DE DATOS A LOCAL, LDA (RLIN)
Nombre de persona MARY
Numeración 05
Títulos y otros términos asociados al nombre 20120612
Lenguaje de la obra MOR01
-- 1254
900 ## - ELEMENTOS DE DATOS A LOCAL, LDA (RLIN)
Nombre de persona MARY
Numeración 05
Títulos y otros términos asociados al nombre 20120612
Lenguaje de la obra MOR01
-- 1254
900 ## - ELEMENTOS DE DATOS A LOCAL, LDA (RLIN)
Nombre de persona VOBO
Numeración 40
Títulos y otros términos asociados al nombre 20120814
Lenguaje de la obra MOR01
-- 0958
904 ## - ELEMENTOS DE DATOS D LOCAL, LDD (RLIN)
a UPDATE
942 ## - ELEMENTOS DE ENTRADA SECUNDARIOS (KOHA)
Código de la institución [OBSOLETO] BK
901 ## - ELEMENTOS DE DATOS A LOCAL LDA (RLIN)
a batch batch
Existencias
Estatus retirado Estado de pérdida Fuente del sistema de clasificación o colocación Estado de daño No para préstamo Colección Biblioteca de origen Biblioteca actual Ubicación en estantería Fecha de adquisición Fuente de adquisición Número de inventario Total de préstamos Signatura topográfica completa Código de barras Visto por última vez Precio de reemplazo Tipo de ítem Koha
    Clasificación Decimal Dewey     Libros (General) Biblioteca Instituto Mora Biblioteca Instituto Mora Regular 06/08/2012   121430   (G)/355.00972 IBA.j 33068001279973 03/09/2024 03/09/2024 Libro préstamo regular